000 00386 a2200109 4500
001 ART_26202
005 20260410161936.0
008 260409a
245 1 0 _aLas unidades de vinculación tecnológica y la articulación entre el sector científico tecnológico y el sector empresario
100 1 _aKababe, Yamila
773 0 _tSaberEs
_g- Nº 2 (jun. 2010)
_wREV26089
999 _c29094
_d29094